000 00655nam a2200217Ia 4500
005 20241129110940.0
008 241129s9999||||xx |||||||||||||| ||und||
020 _a978-93-90780-68-6
037 _aTB
040 _aCRL
_beng
_cCRL
041 _aeng
_2eng
084 _aY:45:62:(SM9) R2
_qCRL
100 _aKundana Maneesh Au.
_9722911
245 0 _aPsychoanalysis, punishment and theories of crime
_cKundana Maneesh Au.
260 _aNew Delhi, India
_bRandom Publications LLP
_c2022
300 _aviii,269p.
365 _aINR
_b2550
650 _aSociologyCrime
_9726234
942 _cTB
_hY:45:62:(SM9) R2
999 _c1228235
_d1228235